[Event "Turnier 40 / 120"]
[Site "Wien"]
[Date "2022.11.25"]
[Round "12"]
[White "Novag Star Diamond H8 - 25 MHZ"]
[Black "Pewatronic Masterchess SH7034 - 24 MHZ"]
[Result "1-0"]
[BlackElo "2150"]
[WhiteElo "2160"]

{Analyse ----> Komodo 13.02.} 1. e4 c5 2. Nf3 e6 3. d4 cxd4 4. Nxd4 Nc6 5.
Nc3 Nf6 {Buchende} 6. Ndb5 Bb4 {Buchbewertung Pewatronic Masterchess: 0,0}
7. Bf4 {Buchende} e5 8. Bg5 {Buchbewertung Novag Star Diamond: +0,07 / lt.
Komodo steht Weiss etwas besser mit ca. +0,50} O-O 9. a3 Ba5 10. b4 Bb6???
{ein Verlustzug, danach ist die Partie bereits verloren, Komodo -2,00 mit
der Fortsetzung Df3, nötig war a6 mit annäherndem Ausgleich} 11. Bc4??
{Novag Star Diamond verpasst den sofortigen Gewinn, Komodo nur noch +0,70}
a6??? {aber Pewatronic Masterchess hat völlig den Überblick verloren, ein
Katastrophenzug, danach ist bereits alles vorbei, Komodo -2,70 mit der
Fortsetzung Sd6, nötig war d6} 12. Nd6 Bd4??? {Pewatronic taumelt von einer
Katastrophe zur nächsten, nochmals weitaus schwächer als Lc7, Komodo -7,00
mit der Fortsetzung Sd5} 13. Nd5! {Novag Star Diamond macht hingegen alles
richtig, sieht zwar noch keinen Vorteil, Bewertung nur +0,19 / Komodo
+7,50} Bxa1 {Pewatronic Masterchess ist mit Blindheit geschlagen in dieser
Partie, unglaublich Bewertung: +0,7 ???? Komodo -8,00} 14. Qxa1 {Novag Star
Diamond: +0,46} b5??? {Pewatronic Masterchess: 0,00 / nochmals weit
schlechter als Kh8, Komodo -14,00 mit der Fortsetzung Lxf6, ausschliesslich
Katastrophenzüge von Pewatronic Masterchess in der gesamten Partie
praktisch vom Buch weg.} 15. Bd3??? {Novag Star Diamond: +0,65 / ein
grottenschlechter Zug, um ganze 7 Bauerneinheiten !!! schlechter als Lxf6,
allerdings steht Weiss trotzdem klar auf Gewinn, Komodo +7,00} a5
{Pewatronic Masterchess: -0,7} 16. f4? {Novag Star Diamond: +1,26 / ein
schlechter Zug, neuerlich um ganze 3 Bauerneinheiten schlechter als Dc1,
dennoch steht Weiss immer noch klar auf Gewinn, Komodo +4,00} axb4
{Pewatronic Masterchess: -0,2} 17. fxe5 {Novag Star Diamond: +1,38} Rxa3
{Pewatronic Masterchess: -0,1, sieht immer noch kein Problem} 18. Qb2
{Novag Star Diamond: +1,53 / Komodo +4,50} Nxe5 {Pewatronic Masterchess:
-0,6} 19. Qxe5 {Novag Star Diamond: +2,34} Ng4 {Pewatronic Masterchess will
einfach nichts einsehen: -0,4 ?? / Komodo -4,70} 20. Qf4 {Novag Star
Diamond geht etwas runter mit der Bewertung: +1,50} f6 {Pewatronic
Masterchess: -0,4} 21. O-O {Novag Star Diamond: +1,84 / um ganze 2
Bauerneinheiten !! schwächer als Dxg4, Komodo +3,00} fxg5 {Pewatronic
Masterchess: -0,3} 22. Qxg4 {Novag Star Diamond: +1,42} Rxf1+???
{Pewatronic Masterchess: -0,4 / der nächste ganz schlechte Zug, um ganze 2
Bauerneinheiten schlechter als Txd3, Komodo -5,00} 23. Bxf1 {Novag Star
Diamond: +2,80} b3 {Und man muss wirklich sagen: ENDLICH sieht es
Pewatronic Masterchess ein: -2,1} 24. cxb3 Qf8 {Pewatronic: -3,3} 25. Nxc8
Qc5+ 26. Kh1 Kh8 27. Qxd7 Qf8 28. Qf5 Qxf5 29. exf5 Rxb3 30. Kg1 Rb2 31.
Ncb6 h6 32. Bd3 Rb3 33. Be4 Rb2 34. Kf1 Kg8 35. Ke1 Kf7 36. Kd1 Kf8 37.
Nd7+ Kg8 38. Bc2 Ra2 39. Ne5 Ra5 40. Ke2 Ra7 41. Kf3 Kf8 42. Bd3 Ra3 43.
Nb4 Rb3 44. Nec6 h5 45. Ke3 Ke8 46. Kd2 Kd7 47. Kc2 Ra3 48. Kb2 Ra8 49. Be2
Kd6 50. Bxh5 {Rest geschenkt / in dieser Partie stand Pewatronic
Masterchess völlig neben sich, die mit Abstand schlechteste Partie des
laufenden Wettkampfes wo er praktisch kein Fettnäpfchen auslässt und ewig
lang auf der Leitung steht, bis er endlich den Verlust erkennt.} 1-0
[/pgn]
[pgn]

[Event "Turnier 40 / 120"]
[Site "Wien"]
[Date "2022.11.26"]
[Round "13"]
[White "Pewatronic Masterchess SH7034 - 24 MHZ"]
[Black "Novag Star Diamond H8 - 25 MHZ"]
[Result "0-1"]
[BlackElo "2160"]
[WhiteElo "2150"]

{Analyse ----> Komodo 13.02.} 1. e4 c5 2. c3 Nf6 3. e5 Nd5 4. d4 cxd4 5.
cxd4 d6 6. Bc4 Nb6 7. Bb3 dxe5 {Buchende} 8. dxe5 Qxd1+ {Buchbewertung
Novag Star Diamond: +1,07} 9. Bxd1 {Buchende} Nc6 10. Nf3 {Buchbewertung
Pewatronic Masterchess: -0,4 / lt. Komodo steht Schwarz etwas besser mit
ca. +0,50} Bf5 11. Nc3 Nc4 12. O-O N4xe5 13. Nxe5 Nxe5 14. Bf4 Nc6 15. Bf3
O-O-O {Schwarz steht nur noch eine Nuance besser mit ca. +0,20 trotz des
Mehrbauern} 16. Rac1 {etwas besser ist Le3, Komodo +0,50 für Schwarz} e5
17. Bxc6 {nicht optimal, besser ist Le3, Komodo -0,70} exf4 18. Bd5 Kb8 19.
Bxf7 Bb4 20. Rfd1 Bxc3 {wohl wird die Bauernstruktur von Weiss beschädigt,
sich vom Läuferpaar zu trennen ist aber weniger gut, Komodo +0,30 für
Schwarz, besser ist entweder Le7 oder g6} 21. bxc3 Rxd1+ 22. Rxd1 Rc8 23.
c4 Kc7 24. h4 Rd8 25. Rxd8??? {ein schlechter Zug, deutlich besser ist Te1,
Komodo +1,00 für Schwarz, lt. Stockfish 15 ist die Partie damit bereits
verloren, +3,30 für Schwarz} Kxd8 26. Bd5 b6? {klar schwächer als Kc7,
Komodo +0,70 für Schwarz} 27. a3??? {ein Verlustzug !! / Pewatronic
Masterchess verwirft leider im letzten Moment den richtigen Zug Kf1, danach
wären die Chancen auf Remis noch intakt für Weiss, nach dem Textzug ist die
Partie verloren, Komodo -2,00 mit der Fortsetzung Kd7 / Stockfish 15:
-6,00} Kd7 28. g3 {immer noch war Kf1 vorzuziehen, hilft aber auch nichts
mehr} Be6 29. Be4 fxg3 30. fxg3 {besser ist noch Lxh7, Komodo -3,00} h6 31.
Kf2 Kd6 32. Ke3 Kc5 33. Kf4 Kd4 34. Bc2 a5 35. Be4 Bxc4 36. Bb7 b5 37. g4
b4 {Rest geschenkt} 0-1
[/pgn]
[pgn]

[Event "Turnier 40 / 120"]
[Site "Wien"]
[Date "2021.05.18"]
[Round "14"]
[White "Novag Star Diamond H8 - 25 MHZ"]
[Black "Pewatronic Masterchess SH7034 - 24 MHZ"]
[Result "0-1"]
[BlackElo "2150"]
[WhiteElo "2160"]

{Analyse -----> Komodo 13.02.} 1. f4 d5 2. Nf3 c5 3. e3 Nc6 4. Bb5 Bg4 5.
O-O e6 6. b3 Nf6 7. Bb2 Be7 8. d3 {Buchende} O-O {Buchende / auch diese
Eröffnung wurde im Match gegen Novag Diamond II gespielt und endete mit
einem Remis} 9. h3 {Buchbewertung Novag Star Diamond: +0,23} Bxf3
{Buchbewertung Pewatronic Masterchess: 0,0 lt. Komodo ist die Stellung etwa
gleich.} 10. Rxf3 Qd6 11. Qe1 a6 12. Bxc6 Qxc6 13. Nd2 b5 14. Qg3 c4 15.
dxc4 bxc4 16. Be5 cxb3 17. cxb3 Qc2 18. Rf2 Rac8 19. Nf3 Qe4 20. Re1 Rc6
21. Nd4 Rc5 22. Rff1 {hier weicht die Partie ab von jener gegen Novag
Diamond II, der spielte hier den weit schlechteren Zug 22. f5, Star Diamond
macht es also besser als sein Vorgänger} Rfc8 23. Qg5? {ein ganz schlechter
Zug, danach ist Schwarz bereits klar im Vorteil, Komodo +1,60 mit der
Fortsetzung Tc3, deutlich besser ist b4 mit ca. +0,80 für Schwarz} Rc3! 24.
Kh2 {besser ist noch Dg3, Komodo -2,20} Rxe3 25. Rc1? {klar schwächer als
Sf3, Komodo -3,20} Rxc1 26. Rxc1 h6 27. Qh4 Rd3?? {ein ganz schlechter Zug,
um ganze 2 Bauerneinheiten !! schlechter als Kh7, Komodo +1,20} 28. Qf2??
{ebenfalls ganz schwach, verdoppelt den Nachteil von Weiss, und verliert
bereits klar die Partie, Komodo -2,70, nötig war Sf3} Nd7 29. Rc8+??? {ein
grottenschlechter Zug, danach ist alles vorbei, deutlich mehr Widerstand
leistet noch Te1, Komodo -5,00} Kh7 30. Nf3 Bb4? {weit schwächer als f6,
dennoch steht Schwarz natürlich klar auf Gewinn, Komodo +3,20} 31. Qf1
{weit schwächer als Dc2, Komodo -5,00} f6 32. Bb2 Qxf4+ 33. Kh1 Qf5 34. Kg1
Bd2? {ein schlechter Zug, deutlich besser ist Ld6, Komodo +3,00} 35. Qe2???
{ein Verlustzug, der den Nachteil von Weiss gleich verdoppelt, danach ist
alles aus, Komodo -7,00 mit der Fortsetzung Le3+} Qe4?? {um ganze 3
Bauerneinheiten schwächer als Le3+, dennoch steht Schwarz nach wie vor klar
auf Gewinn, Komodo +4,00} 36. Qf1? {deutlich mehr Widerstand leistet noch
Kf1, Komodo -6,00} e5? {weit schwächer als d4, Komodo +4,00} 37. Kh1 {weit
schwächer als La3, Komodo -6,00} a5 {in dieser hochkomplizierten Stellung
können beide Geräte aus verständlichen Gründen nicht die besten Züge
finden, hier beende ich vorläufig die weitere Kommentierung, Schwarz hat ja
auch schon 2 Mehrbauern, das sollte eigentlich nur noch eine Formalität
sein, das nach Hause zu fahren.} 38. Qb1 Bb4 39. Rd8??? {deutlich mehr
Widerstand leistet noch Df1, verliert forciert, Komodo -11,00 mit der
Fortsetzung Txf3} Rxf3! {das ist ganz stark von Pewatronic Masterchess} 40.
Qxe4+ dxe4 41. gxf3 e3 42. Rc8 e2 43. Rc1 Nc5 44. Rg1 Nd3 45. a3 Bd2 46.
Ba1 e1=Q 47. Rxe1 Nxe1 48. h4 Kg6 49. b4 axb4 50. axb4 Nxf3 51. b5 Ba5 52.
Kg2 {Novag Star Diamond: -7,03 -----> aufgegeben !} 0-1
[/pgn]
[pgn]

[Event "Turnier 40 / 120"]
[Site "Wien"]
[Date "2022.11.27"]
[Round "15"]
[White "Pewatronic Masterchess SH7034 - 24 MHZ"]
[Black "Novag Star Diamond H8 - 25 MHZ"]
[Result "1/2-1/2"]
[BlackElo "2160"]
[WhiteElo "2150"]

{Analyse -----> Komodo 13.02} 1. e4 c5 2. Nf3 d6 3. Bb5+ Bd7 4. Bxd7+ Qxd7
5. O-O Nf6 6. Re1 Nc6 7. c3 e6 8. d4 cxd4 9. cxd4 d5 10. e5 Ne4 11. Nbd2
Nxd2 {Buchende} 12. Bxd2 {Buchende} Rc8 {Buchbewertung Novag Star Diamond:
+0,11} 13. Rc1 {Buchbewertung Pewatronic Masterchess: 0,0 / lt. Komodo ist
die Stellung exakt gleich 0,00} Be7 14. Bg5 O-O 15. Bxe7 Nxe7 16. Qe2 Rc7
17. Rxc7 Qxc7 18. h3 Rc8 19. Kh2 Qc4 20. Qxc4 Rxc4 21. Re3 Nc6 22. Rc3
Rxc3? {deutlich besser ist Sb4 mit ca. +1,00 für Schwarz, nach dem Textzug
ist Schwarz nur hauchdünn im Vorteil mit ca. +0,30} 23. bxc3 f6 24. exf6
gxf6 {die Stellung ist im Lot, Komodo 0,00} 25. a4 {weniger gut, Weiss
sollte natürlich seinen König ins Spiel bringen, Komodo +0,50 für Schwarz,
besser ist Kg3} Kf7 26. Kg3 Na5 27. Nd2 e5 {die Stellung ist wieder im Lot,
Komodo 0,00} 28. dxe5 fxe5 29. f4 Ke6 30. Nf3 e4 31. Ng5+ Kf5 32. Nxh7 Nb3
33. Ng5? {ein schlechter Zug, danach steht Schwarz bereits klar besser,
Komodo +1,00 mit der Fortsetzung Sc5, nötig war h4 mit Ausgleich} Nc1?
{verspielt wieder den Vorteil, Komodo 0,00 mit der Fortsetzung h4} 34. Nf7?
{ein schwacher Zug, danach steht Schwarz wieder klar besser, Komodo +1,00
mit der Fortsetzung Se2+} Ne2+ 35. Kf2 Nxc3 36. g3??? {Pewatronic
Masterchess: 0,0 in Erwartung von Sxa4 ?? / ein Verlustzug / Pewatronic
Masterchess verwirft im letzten Moment den richtigen Zug Ke3, danach wären
die Remischancen von Weiss noch intakt gewesen, nach dem Textzug ist die
Partie sofort verloren, Komodo -5,00 mit der Fortsetzung d4} d4! {Novag
Star Diamond: +1,80 nützt die Chance, den Gefallen macht ihm aber Novag
Star Diamond nicht, nach Sxa4 hätte Pewatronic recht gehabt, danach wäre
die Stellung im Lot gewesen.} 37. Nd6+ {etwas besser ist noch Sh6, Komodo
-8,00} Kf6??? {ein Katastrophenzug, um ganze 7 Bauerneinheiten !!!
schlechter als Ke6, Komodo +1,20} 38. Nxb7? {ein Verlustzug, danach ist die
Partie wieder klar verloren, Komodo -4,00} e3+ 39. Kf3 e2 40. Kf2 d3 41.
Ke1 Nxa4??? {das ist viel zu gierig und verschenkt den Sieg, danach ist die
Partie Remis, Komodo 0,00, sofort gewonnen hätte Se4} 42. h4 Kf5 43. Nd6+
Kg4 44. Nc4 Nc3 45. Ne5+ Kh5 46. f5 Ne4 47. Nxd3 Nxg3 48. Nf4+ Kh6 49. f6
Ne4 50. f7 Kg7 51. f8=R {LoL, die Wahrscheinlichkeit, dass ein Turm
genommen wird ist kleiner als bei der Dame !!} Kxf8 52. Kxe2
{Userentscheid: Remis} 1/2-1/2
[/pgn]
[pgn]

[Event "Turnier 40 / 120"]
[Site "Wien"]
[Date "2022.11.28"]
[Round "16"]
[White "Novag Star Diamond H8 - 25 MHZ"]
[Black "Pewatronic Masterchess SH7034 - 24 MHZ"]
[Result "1-0"]
[BlackElo "2150"]
[WhiteElo "2160"]

{Analyse -----> Komodo 13.02.} 1. e4 c5 2. Nf3 Nc6 3. d4 cxd4 4. Nxd4 Nf6
5. Nc3 d6 6. Bg5 e6 7. Qd2 Be7 8. O-O-O O-O 9. Nb3 Qb6 10. f3 Rd8
{Buchende} 11. Be3 Qc7 {Buchbewertung Pewatronic Masterchess: -0,2} 12. Qf2
{Buchende} b6? {ein schlechter Zug, Pewatronic Masterchess verwirft im
letzten Moment den weit besseren Zug d5, danach wäre die Stellung im Lot
gewesen, nach dem Textzug steht Weiss klar besser Komodo +0,70 mit der
Fortsetzung g4} 13. g4! {der richtige Zug, Buchbewertung Novag Star
Diamond: -0,19 sieht sich aber knapp im Nachteil, Komodo +0,70 für Weiss}
Bb7 14. g5 Nd7 15. h4 Rac8 16. h5 Nb4??? {das ist natürlich völliger
Unsinn, was bitte soll das bringen, deutlich mehr Widerstand leistet Sc5,
nach dem Textzug ist die Partie bereits verloren, Komodo -1,80 mit der
Fortsetzung g6} 17. g6! h6??? {ein Verlustzug verdoppelt den Nachteil von
Schwarz, danach ist die Partie sofort verloren, Komodo -3,60, deutlich mehr
Widerstand leistet noch Lf6 mit ca. -1,80} 18. gxf7+ Kxf7 {Pewatronic
Masterchess hat keine Ahnung von dieser Stellung, Bewertung: +0,2 ??? /
Komodo -4,00 !!!} 19. a3 {Novag Star Diamond: +1,46, sieht sich völlig
zurecht bereits klar im Vorteil} Na6?? {deutlich besser ist noch Sc6,
Komodo -6,00} 20. Rg1 Ne5?? {Pewatronic Masterchess ist völlig blind in
dieser Partie, nochmals 2 Bauerneinheiten schlechter als Sc5, Komodo -7,00}
21. Qg2?? {ein schlechter Zug, um ganze 3 Bauerneinheiten schlechter als
f4, Komodo +4,00} Bf6 22. Nb5 Qb8 23. f4 {Novag Star Diamond: +2,53 /
Komodo +5,00} Nc4? {Pewatronic Masterchess gibt sich hier noch ernsthaft
Chancen, Bewertung nur -0,6, ebenfalls ein Katastrophenzug, hier ist sogar
noch Sc5 deutlich besser, Komodo -10,00, aber gut bei diesem Zug will ich
Pewatronic keinen Vorwurf machen, den Springer e5 stehen zu lassen kann ein
Oldie eigentlich nicht sehen.} 24. Qg6+ Ke7 25. Bxc4? {um 2 Bauerneinheiten
!! schwächer als Ld4, aber auch das spielt natürlich keine Rolle mehr,
Komodo +8,00, allerdings ist trotzdem noch Vorsicht geboten, denn Novag
Star Diamond ist auch stark gefallen in seiner Bewertung und sieht sich nur
noch mit +0,76 im Vorteil} Rxc4 {Pewatronic sieht die Stellung fast schon
gleich, nur noch -0,2 ? / Komodo -8,50} 26. Nd2 {klar schwächer als Ld4,
ändert aber auch nichts an der klaren Gewinnstellung von Weiss, Komodo
+6,00} Rcc8 27. Nxd6! {richtig, Novag Star Diamond: +1,57} Rxd6 28. e5
{Novag Star Diamond: +2,42} Rf8 {Man muss sagen, ENDLICH sieht es
Pewatronic Masterchess ein, Bewertung -2,2 / Komodo -8,00} 29. exd6+ Qxd6
30. Ne4 Bxe4 31. Qxe4 {Komodo +10,00, da ist nichts mehr zu retten für
Schwarz} Qc7 32. Bd4 Bxd4 33. Qxd4??? {um ganze 8 Bauerneinheiten !!
schlechter als Txd4, aber hier spielt auch das natürlich keine Rolle mehr,
Komodo +6,00} Qxf4+ 34. Qxf4 Rxf4 35. Rxg7+ Kf6 36. Rg6+ {Rest geschenkt}
1-0
[/pgn]
[pgn]

[Event "Turnier 40/120"]
[Site "Wien"]
[Date "2021.05.04"]
[Round "17"]
[White "Pewatronic Masterchess SH7034 - 24 MHZ"]
[Black "Novag Star Diamond H8 - 25 MHZ"]
[Result "0-1"]
[BlackElo "2160"]
[WhiteElo "2150"]

{Analyse -----> Komodo 13.02.} 1. e4 e5 2. Nc3 Nf6 3. Bc4 Nc6 4. d3 Bb4 5.
Nf3 d6 6. O-O Bxc3 7. bxc3 Na5 8. Bb3 Nxb3 9. cxb3 {Buchende} O-O {Buchende
/ auch diese Eröffnung gab es im Match gegen Novag Diamond II, damals
gewann Pewatronic Masterchess} 10. Bg5 {Buchbewertung Pewatronic
Masterchess, 0,0} Bg4 {Buchbewertung Novag Star Diamond: +0,11 / lt. Komodo
steht Weiss knapp besser mit ca. +0,30 / die Partie weicht bereits im 1.
berechneten Zug ab von jener gegen Novag Diamond II, der zog hier 10. De7}
11. h3 Bh5 12. g4 Bg6 13. Nh4 Re8 14. Nxg6 hxg6 15. a3 d5 16. exd5? {ein
schwacher Zug, danach steht Schwarz klar besser, Komodo +0,90, deutlich
besser ist Df3 mit Ausgleich} Qxd5 17. Re1 Rad8 18. Ra2 e4 19. Bxf6 gxf6
20. d4 f5 21. Rae2??? {ein Verlustzug, danach ist die Partie bereits
verloren, Komodo -2,00 mit der Fortsetzung f4, deutlich besser ist gxf5 mit
ca. -0,80} c5 {klar schwächer als f4, Komodo +1,00} 22. Rd2? {ein
Verlustzug, hier gewinnt wieder f4, Komodo -2,20, nötig war b4} cxd4???
{ein grottenschlechter Zug, der jeglichen Vorteil verspielt, danach ist die
Stellung im Lot, Komodo 0,00} 23. Rxd4 Qa5 24. gxf5 Rxd4 25. Qxd4 gxf5 26.
a4 Rc8 27. b4 Qxa4 28. Kh2 Qc6 29. Rg1+ Kf8 30. Qxa7 {nicht ideal, besser
ist c4, Komodo -0,70} Qd6+ 31. Kg2 b6 32. Rc1??? {ein Verlustzug, danach
ist die Partie sofort verloren, Komodo -4,00 mit der Fortsetzung e3, nötig
war Da1 mit ca. -0,70} Qd2? {weit schwächer als e3, aber auch danach steht
Schwarz klar besser, Komodo +1,50} 33. Qb7??? {verliert sofort, Komodo
-5,50, nötig war Ta1} Re8 {auch das gewinnt spielend, Komodo +4,00} 34. Rg1
e3 35. Qxb6 e2 36. Qc5+ Kg7 37. Qxf5 e1=Q 38. Rxe1 Rxe1 39. Qg4+ Kf8 40.
Qc8+ Ke7 {weit schwächer als Te8, aber natürlich steht Schwarz klar auf
Gewinn, Komodo +5,00} 41. Qb7+ Qd7 42. Qf3 Qb5 43. h4 Qf1+ 44. Kh2 {auch
Kg3 ist nicht besser} Qg1+ 45. Kh3 Qh1+ 46. Qxh1 Rxh1+ {Rest geschenkt} 0-1
[/pgn]
[pgn]

[Event "Turnier 40 / 120"]
[Site "Wien"]
[Date "2022.11.29"]
[Round "18"]
[White "Novag Star Diamond H8 - 25 MHZ"]
[Black "Pewatronic Masterchess SH7034 - 24 MHZ"]
[Result "0-1"]
[BlackElo "2150"]
[WhiteElo "2160"]

{Analyse -----> Komodo 13.02.} 1. c4 Nf6 2. d4 e5 3. dxe5 Ng4 4. Bf4 Nc6 5.
Nf3 Bb4+ 6. Nc3 Bxc3+ 7. bxc3 Qe7 8. Qd5 Qa3? {Buchende} 9. Rc1 Qxa2?
{Buchbewertung Pewatronic Masterchess: +0,1 ??, gleich der allererste
berechnete Zug ist ein Verlustzug, danach ist die Partie bereits verloren,
Komodo -2,00 mit der Fortsetzung h3, deutlich besser ist f6 mit ca. -1,00,
trotzdem hat Novag Star Diamond auch diesen Fehler noch im Buch} 10. h3 Nh6
11. e4 O-O? {nochmals klar schwächer als Sg8, Komodo -2,20} 12. c5??
{Buchbewertung Novag Star Diamond: +1,15 / auch hier ist der 1. berechnete
alles andere als ideal und halbiert in etwa den Vorteil von Weiss, Komodo
+1,10} Qa4?? {der nächste ganz schlechte Zug, danach ist die Partie sofort
wieder klar verloren, Komodo -2,20, nötig war natürlich der Damentausch,
Dxd5} 13. Bxh6? {beide Geräte haben grosse Probleme mit dieser Stellung,
ebenfalls schwach und reduziert wieder deutlich den Vorteil von Weiss,
Komodo +1,30, deutlich stärker ist Ld3} gxh6 14. Bd3 Ne7 15. Qd4 Qc6 16.
O-O Qg6? {besser ist b6, nach dem Textzug ist die Partie praktisch wieder
verloren, Komodo -1,90 mit der Fortsetzung Sh4} 17. Bb5 {etwas schwächer
als Sh4, Komodo +1,50} Nc6 18. Bxc6 dxc6 19. Kh1 b5? {kein guter Zug, da
gibt es mehrere bessere Züge, z.B. Kh8 oder Le6, Komodo -1,80} 20. cxb6??
{ein ganz schwacher Zug, der einen Grossteil des Vorteiles verspielt,
Komodo nur noch +0,70} axb6 21. Ra1 Ba6?? {ein ganz schwacher Zug, danach
steht Weiss wieder klar besser, Komodo +1,60 mit der Fortsetzung Tfe1,
nötig war c5} 22. Rfe1 Qe6 23. Qd2 Bb7 24. Rxa8 Rxa8 {die Stellung ist
verloren für Schwarz, Komodo -2,30 mit der Fortsetzung Sd4} 25. Rd1?? {ein
ganz schwacher Zug, der den Vorteil von Weiss mehr als halbiert, Komodo
+1,00} c5 26. Qf4 Qg6 27. Rd7? {weit schwächer als e6, Komodo +0,70} Bxe4
28. Rxc7 Qf5! {richtig, Weiss steht nur noch knapp besser mit ca. +0,50}
29. Qxf5 Bxf5 30. Rc6 Ra2 31. Kg1 Rc2 32. Rxb6 Be6 33. Rb8+ Kg7 {die
Stellung ist im Lot, Komodo 0,00} 34. Rb7 Rxc3 35. Rc7 Kg6 36. Kf1 Kf5 37.
Ke2 Ke4 38. Kd2 Rd3+ 39. Kc1 c4 40. Rc5 Rc3+ 41. Kd2 Ra3 42. Kc2??? {ein
grottenschlechter Zug, danach steht Schwarz bereits klar besser,
unglaublich kurzsichtig, nach Ta2, Kc3, Txf2 geht sofort der F-Bauer
verloren und der G-Bauer ist bedroht, danach ist die Partie praktisch schon
verloren, Komodo -1,60, nötig war Se1 mit nur sehr geringem Vorteil für
Schwarz mit ca. -0,50} Ra2+ {alternativlos} 43. Kc3 Rxf2 44. Nd2+ Ke3 45.
Nxc4+ Kf4 46. Nd6 Rxg2 47. h4 Kg4? {besser ist h5, Komodo +1,20} 48. Rc7
{besser ist h5, Komodo -1,80} Kxh4 49. Kd3 {besser ist Sb7, Komodo -2,50}
h5 50. Kd4 Rg1 51. Ke4 Re1+ 52. Kf4 Rf1+ 53. Ke3 Kg4 54. Ke2 Rf3 55. Nc4 h4
56. Nd2 Rf5 57. Nf1 Rxe5+ 58. Kf2 h3 59. Nh2+ Kf4 60. Rb7??? {mehr
Widerstand leistet noch Tc3, Komodo -12,00} Bc4 61. Rc7 Re4 62. Rc5 Re2+
63. Kg1 Bd3 64. Rc3 {Komodo Matt in 11} Rg2+ 65. Kh1 Be4 66. Rc4 {Novag
Star Diamond: -10,23 -----> aufgegeben !} 0-1
[/pgn]
[pgn]